Afrikanische Totenklage : (Record no. 130734)
[ view plain ]
| 000 -LEADER | |
|---|---|
| fixed length control field | 00934cam a2200265 a 4500 |
| 001 - CONTROL NUMBER | |
| control field | 14087875 |
| 003 - CONTROL NUMBER IDENTIFIER | |
| control field | ARRUPE |
| 005 - DATE AND TIME OF LATEST TRANSACTION | |
| control field | 20211008103426.0 |
| 008 - FIXED-LENGTH DATA ELEMENTS--GENERAL INFORMATION | |
| fixed length control field | 050825s2001 gw ab 000 0 ger |
| 010 ## - LIBRARY OF CONGRESS CONTROL NUMBER | |
| LC control number | 2005458471 |
| 020 ## - INTERNATIONAL STANDARD BOOK NUMBER | |
| International Standard Book Number | 3570005445 |
| 035 ## - SYSTEM CONTROL NUMBER | |
| System control number | (OCoLC)ocm48111979 |
| 040 ## - CATALOGING SOURCE | |
| Original cataloging agency | OHX |
| Transcribing agency | OHX |
| Modifying agency | NDD |
| -- | GZM |
| -- | OCLCQ |
| -- | DLC |
| 043 ## - GEOGRAPHIC AREA CODE | |
| Geographic area code | fb----- |
| 050 00 - LIBRARY OF CONGRESS CALL NUMBER | |
| Classification number | DT352.8 |
| Item number | .S36 2001 |
| 300 ## - PHYSICAL DESCRIPTION | |
| Other physical details | col. ill., col. maps ; |
| Dimensions | 22 cm. |
| 100 1# - MAIN ENTRY--PERSONAL NAME | |
| Personal name | Scholl-Latour, Peter. |
| 9 (RLIN) | 50373 |
| 245 10 - TITLE STATEMENT | |
| Title | Afrikanische Totenklage : |
| Remainder of title | der Ausverkauf des Schwarzen Kontinents / |
| Statement of responsibility, etc | Peter Scholl-Latour. |
| 260 ## - PUBLICATION, DISTRIBUTION, ETC. (IMPRINT) | |
| Place of publication, distribution, etc | München : |
| Name of publisher, distributor, etc | Bertelsmann, |
| Date of publication, distribution, etc | 2001. |
| 300 ## - PHYSICAL DESCRIPTION | |
| Extent | 472 p. : |
| 651 #0 - SUBJECT ADDED ENTRY--GEOGRAPHIC NAME | |
| Geographic name | Africa, Sub-Saharan |
| General subdivision | Politics and government |
| Chronological subdivision | 1960- |
| 9 (RLIN) | 23409 |
| 651 #0 - SUBJECT ADDED ENTRY--GEOGRAPHIC NAME | |
| Geographic name | Africa, Sub-Saharan |
| General subdivision | Social conditions |
| Chronological subdivision | 1960- |
| 9 (RLIN) | 50374 |
| 906 ## - LOCAL DATA ELEMENT F, LDF (RLIN) | |
| a | 7 |
| b | cbc |
| c | pccadap |
| d | 2 |
| e | ncip |
| f | 20 |
| g | y-gencatlg |
| 942 ## - ADDED ENTRY ELEMENTS (KOHA) | |
| Source of classification or shelving scheme | Library of Congress Classification |
| Koha item type | Monograph ( Printed materials) |
| Withdrawn status | Lost status | Source of classification or shelving scheme | Damaged status | Not for loan | Collection code | Home library | Current library | Shelving location | Date acquired | Total Checkouts | Full call number | Barcode | Date last seen | Price effective from | Koha item type |
|---|---|---|---|---|---|---|---|---|---|---|---|---|---|---|---|
| Library of Congress Classification | Main Collection | ARRUPE LIBRARY | ARRUPE LIBRARY | Main Collection | 08/10/2021 | DT352.8 .S36 2001 | 46600007674 | 08/10/2021 | 08/10/2021 | Monograph ( Printed materials) |